000 00642nam a2200241 a 4500
001 0001-1235
003 ELIB.Books
008 150601 2010 eng
020 _aKBTS
035 _a(ELIB.Books)0001-1390
092 _a264.23
_bMor
100 _aMorgan, Robert J.
245 _aThen Sings My Soul
_b150 of the World's Greatest Hymn Stories
260 _aNashville
_bThomas Nelson Publishers
_c2003
300 _a308
_c21.5 Cm
500 _aC/o Moe Tarmalar Paw
650 _aHymns
856 _nKBTS: Library
_uKBTS: Elib
942 _2ddc
_cBK
990 _a4
998 _cbat
_e2015-06-01
999 _c11235
_d11235